00408pab a2200157 454500008004000000100001900040245003900059260000900098300001400107362001100121650001300132650003100145650001400176700002600190773003400216180718b2009 xxu||||| |||| 00| 0 eng d aAshutosh Kumar aPunjab: resurgence of the Congress c2009 ap.183-86. a26 Sep aCongress aElections - India - Punjab aElections aSekhon, Jagroop Singh aEconomic and Political Weekly